[Event "Mittelfr. EM 2011 - Hauptturnier"]
[Site "Büchenbach"]
[Date "2011.04.22"]
[Round "7.2"]
[White "Stiller, Jürgen"]
[Black "Miller, Eduard"]
[Result "1-0"]
[WhiteElo "2204"]
[BlackElo "2098"]
[PlyCount "95"]
[EventDate "2011.??.??"]
[WhiteTeam "SW Nürnberg Süd e.V."]
[BlackTeam "SC Forchheim e.V."]

1. d4 Nf6 2. Nf3 g6 3. Bg5 Bg7 4. e3 O-O 5. Be2 d5 6. O-O Nbd7 7. c4 dxc4 8.
Bxc4 c5 9. Nc3 a6 10. a4 cxd4 11. Nxd4 Qa5 12. Bh4 e5 13. Nc2 Qc5 14. Ba2 b6
15. Qf3 Rb8 16. e4 Bb7 17. Ne3 Kh8 18. Rfd1 Qb4 19. Nc4 Nxe4 20. Nxe4 Nc5 21.
Qc3 Qxa4 22. Nxc5 bxc5 23. Be7 Rfe8 24. Bd6 Rbd8 25. Ne3 e4 26. Qc4 Qc6 27.
Qxc5 f5 28. Bf7 Qxc5 29. Bxc5 Rxd1+ 30. Rxd1 Rc8 31. Ba3 Be5 32. g3 Kg7 33. Be6
Rb8 34. Nc4 Kf6 35. Bd7 Rd8 36. Nxe5 Kxe5 37. Be7 Ra8 38. Kf1 Bd5 39. Bb4 Rb8
40. Bc3+ Kd6 41. Ba4 Kc5 42. Ke2 Bc4+ 43. Ke3 Bd3 44. Rc1 Rb7 45. Bd4+ Kd6 46.
f3 Ke6 47. Rc6+ Kd5 48. Rb6 1-0

[Event "Mittelfr. EM 2011 - Hauptturnier"]
[Site "Büchenbach"]
[Date "2011.04.22"]
[Round "7.3"]
[White "Seibold, Hubert"]
[Black "Heimrath, Reiner"]
[Result "0-1"]
[WhiteElo "2186"]
[BlackElo "2259"]
[PlyCount "66"]
[EventDate "2011.??.??"]
[WhiteTeam "SK Zirndorf e.V."]
[BlackTeam "SC Noris-Tarrasch Nürnberg 1873"]

1. e4 g6 2. d4 Bg7 3. Nc3 d6 4. f4 c5 5. dxc5 Qa5 6. Bb5+ Nd7 7. Bd2 dxc5 8.
Nf3 a6 9. Bc4 Qd8 10. Ng5 e6 11. Bxe6 Nh6 12. Bxf7+ Nxf7 13. Ne6 Qh4+ 14. g3
Qh3 15. Nxg7+ Kf8 16. Qf3 Kxg7 17. Nd5 Rf8 18. O-O-O b5 19. Bc3+ Kh6 20. Nf6
Nxf6 21. Bxf6 Bg4 22. Qc3 Bxd1 23. Bg7+ Kh5 24. Bxf8 Qc8 25. Qf6 Kg4 26. Qxf7
Be2 27. Bd6 Qc6 28. Qe6+ Kf3 29. f5 Rd8 30. e5 Kf2 31. Bxc5+ Qxc5 32. fxg6 Qd4
33. b3 Qa1# 0-1

[Event "Mittelfr. EM 2011 - Hauptturnier"]
[Site "Büchenbach"]
[Date "2011.04.22"]
[Round "7.4"]
[White "Röder, Frank"]
[Black "Rausch, Wolfgang jr"]
[Result "1/2-1/2"]
[WhiteElo "2189"]
[BlackElo "2182"]
[PlyCount "43"]
[EventDate "2011.??.??"]
[WhiteTeam "SV Altensittenbach"]
[BlackTeam "SC Noris-Tarrasch Nürnberg 1873"]

1. e4 c6 2. Nc3 d5 3. Qf3 dxe4 4. Nxe4 Nf6 5. Nxf6+ gxf6 6. b3 Qd5 7. Bb2 Bf5
8. O-O-O Rg8 9. Re1 Qxf3 10. Nxf3 Nd7 11. Nh4 Bg6 12. Nxg6 hxg6 13. Bc4 e6 14.
h4 Bc5 15. d4 Be7 16. g4 f5 17. gxf5 gxf5 18. d5 cxd5 19. Bxd5 O-O-O 20. Bf3
Bf6 21. Bxf6 Nxf6 22. h5 1/2-1/2

[Event "Mittelfr. EM 2011 - Hauptturnier"]
[Site "Büchenbach"]
[Date "2011.04.22"]
[Round "7.5"]
[White "Strobel, Norbert"]
[Black "Wagner, Florian"]
[Result "0-1"]
[WhiteElo "2008"]
[BlackElo "2258"]
[PlyCount "34"]
[EventDate "2011.??.??"]
[WhiteTeam "SK Zirndorf e.V."]
[BlackTeam "SC Noris-Tarrasch Nürnberg 1873"]

1. d4 Nf6 2. Nf3 d5 3. e3 c6 4. Bd3 g6 5. c4 Bg7 6. cxd5 Nxd5 7. O-O O-O 8. Bd2
c5 9. Qb3 cxd4 10. exd4 Nc6 11. Bc4 Nb6 12. d5 Nxc4 13. Qxc4 Bxb2 14. Bh6 Na5
15. Qb4 Bxa1 16. Nc3 Bxc3 17. Qxc3 f6 0-1

[Event "Mittelfr. EM 2011 - Hauptturnier"]
[Site "Büchenbach"]
[Date "2011.04.22"]
[Round "7.6"]
[White "Saathoff, Richard"]
[Black "Rosin, Ralf"]
[Result "1/2-1/2"]
[WhiteElo "2146"]
[BlackElo "2049"]
[PlyCount "47"]
[EventDate "2011.??.??"]
[WhiteTeam "SW Nürnberg Süd e.V."]
[BlackTeam "FSV Großenseebach"]

1. e4 Nc6 2. d4 d5 3. Nc3 dxe4 4. d5 Ne5 5. Qd4 Ng6 6. Qxe4 Nf6 7. Qa4+ Bd7 8.
Bb5 a6 9. Bxd7+ Qxd7 10. Qxd7+ Nxd7 11. Nf3 h6 12. Be3 O-O-O 13. O-O-O Nge5 14.
Nxe5 Nxe5 15. Bf4 Ng4 16. Bg3 g6 17. Rhe1 Nf6 18. Rd3 Rd7 19. Red1 Bg7 20. Be5
Rhd8 21. Na4 b6 22. Rf3 Rf8 23. c4 Ne8 24. Bxg7 1/2-1/2

[Event "Mittelfr. EM 2011 - Hauptturnier"]
[Site "Büchenbach"]
[Date "2011.04.22"]
[Round "7.7"]
[White "Hofer, Markus"]
[Black "Pokorny, Klaus"]
[Result "1-0"]
[WhiteElo "2042"]
[BlackElo "1961"]
[PlyCount "37"]
[EventDate "2011.??.??"]
[WhiteTeam "SG Büchenbach/Roth e.V."]
[BlackTeam "TSV Kirchehrenbach"]

1. d4 Nf6 2. c4 g6 3. Nc3 Bg7 4. e4 O-O 5. Be3 d6 6. f3 e5 7. Nge2 exd4 8. Nxd4
c6 9. Qd2 Qe7 10. O-O-O Rd8 11. g4 Bxg4 12. fxg4 Nxe4 13. Nxe4 Qxe4 14. Bd3
Qxg4 15. Nf5 Qh5 16. Nxg7 Kxg7 17. Bd4+ f6 18. Qf4 Nd7 19. Qxd6 1-0

[Event "Mittelfr. EM 2011 - Hauptturnier"]
[Site "Büchenbach"]
[Date "2011.04.22"]
[Round "7.8"]
[White "Fischer, Gerd"]
[Black "Walter, Thomas"]
[Result "0-1"]
[WhiteElo "2078"]
[BlackElo "2158"]
[PlyCount "112"]
[EventDate "2011.??.??"]
[WhiteTeam "FC Gunzenhausen 1910 e.V"]
[BlackTeam "SC Erlangen 48/88 e.V."]

1. e4 c5 2. Nf3 d6 3. d4 cxd4 4. Nxd4 Nf6 5. Nc3 g6 6. Bc4 Bg7 7. Bb3 Nc6 8.
Nde2 O-O 9. h3 a6 10. Be3 b5 11. Ng3 Bb7 12. O-O Ne5 13. Bd4 Nc6 14. Be3 Rc8
15. Nd5 Nxd5 16. exd5 Na5 17. c3 Nc4 18. Bxc4 Rxc4 19. Qd2 Qc7 20. a3 a5 21.
Rfd1 Rc8 22. Ne2 Re4 23. Qd3 Qc4 24. b3 Qxd3 25. Rxd3 b4 26. axb4 Ba6 27. Rd2
Bxe2 28. Rxe2 axb4 29. Ra4 Bxc3 30. Rc2 f5 31. g3 Kf7 32. Kf1 Rb8 33. Ra5 Kf6
34. h4 Rb7 35. Kg2 Kg7 36. Kf3 h6 37. Rc1 Kh7 38. Rc2 Re5 39. Rca2 Kg7 40. R2a4
Re4 41. Ra2 Bd4 42. Bd2 Bc5 43. Bc1 Re1 44. Bb2+ Kf7 45. Ra1 Re4 46. Rd1 g5 47.
hxg5 hxg5 48. Rd2 Ra7 49. Rxa7 g4+ 50. Kg2 Bxa7 51. Kf1 e6 52. dxe6+ Kxe6 53.
Bc1 Bd4 54. Rd3 Bc3 55. Bf4 d5 56. Bd2 d4 0-1

[Event "Mittelfr. EM 2011 - Hauptturnier"]
[Site "Büchenbach"]
[Date "2011.04.22"]
[Round "7.9"]
[White "Erlbeck, Peter"]
[Black "Luther, Helmut"]
[Result "1-0"]
[WhiteElo "2105"]
[BlackElo "1999"]
[PlyCount "57"]
[EventDate "2011.??.??"]
[WhiteTeam "SW Nürnberg Süd e.V."]
[BlackTeam "SW Nürnberg Süd e.V."]

1. f4 d6 2. e4 g6 3. Nc3 Nf6 4. d4 c6 5. Nf3 Bg7 6. e5 dxe5 7. fxe5 Nd5 8. Ne4
Bf5 9. Ng3 Bg4 10. c3 a5 11. h3 Bc8 12. c4 Nc7 13. Be3 O-O 14. Qd2 f6 15. Bh6
Nd7 16. h4 fxe5 17. Bxg7 Kxg7 18. h5 Qe8 19. Bd3 Rh8 20. h6+ Kg8 21. O-O exd4
22. Rae1 Nc5 23. Ne5 Nxd3 24. Nxd3 Be6 25. Nc5 Bf7 26. Qxd4 Qf8 27. Rxe7 Qxh6
28. Rexf7 Na6 29. Ne6 1-0

[Event "Mittelfr. EM 2011 - Hauptturnier"]
[Site "Büchenbach"]
[Date "2011.04.22"]
[Round "7.10"]
[White "Wittmann, Helmut"]
[Black "Wörl, Richard"]
[Result "0-1"]
[WhiteElo "2077"]
[BlackElo "2005"]
[PlyCount "44"]
[EventDate "2011.??.??"]
[WhiteTeam "BSG Wöhrlhaus Erlangen"]
[BlackTeam "SW Nürnberg Süd e.V."]

1. d4 Nf6 2. Nf3 b6 3. Nc3 Bb7 4. Bg5 d5 5. e3 e6 6. Bb5+ c6 7. Bd3 Be7 8. Qe2
O-O 9. e4 c5 10. exd5 exd5 11. O-O Nc6 12. Rad1 cxd4 13. Nb5 Bc5 14. Bf5 Re8
15. Qd2 Ba6 16. a4 h6 17. Bh4 Bc8 18. Bd3 Bg4 19. Qf4 g5 20. Nxg5 Bxd1 21. Nh7
Nh5 22. Nf6+ Qxf6 0-1

[Event "Mittelfr. EM 2011 - Hauptturnier"]
[Site "Büchenbach"]
[Date "2011.04.22"]
[Round "7.11"]
[White "Vasilache, Catalin"]
[Black "Leopold, Christian"]
[Result "1/2-1/2"]
[WhiteElo "2101"]
[BlackElo "2057"]
[PlyCount "78"]
[EventDate "2011.??.??"]
[WhiteTeam "SG Büchenbach/Roth e.V."]
[BlackTeam "SV Lauf a.d.P."]

1. d4 d6 2. c4 e5 3. Nf3 e4 4. Ng5 f5 5. Nc3 Be7 6. Nh3 Nf6 7. e3 c6 8. b4 Na6
9. Qb3 Nc7 10. a4 O-O 11. b5 Kh8 12. Be2 Be6 13. Qd1 Bg8 14. Ba3 Qd7 15. Nf4
Rad8 16. h3 d5 17. c5 Ne6 18. Nxe6 Bxe6 19. Qc2 Rc8 20. Qb2 Qc7 21. Rc1 f4 22.
Nd1 Nd7 23. Bg4 Rf6 24. Bxe6 Rxe6 25. exf4 Qxf4 26. Qd2 Qxd2+ 27. Kxd2 Bg5+ 28.
Ne3 Rf8 29. Ke2 Ref6 30. Rhf1 Bxe3 31. fxe3 Rxf1 32. Rxf1 Rxf1 33. Kxf1 h5 34.
Bb4 Nf6 35. Ke2 Kh7 36. Bd2 Kg6 37. Be1 Kf5 38. Bf2 g5 39. g3 g4 1/2-1/2

[Event "Mittelfr. EM 2011 - Hauptturnier"]
[Site "Büchenbach"]
[Date "2011.04.22"]
[Round "7.12"]
[White "Röder, Gerd"]
[Black "Alt, Norbert"]
[Result "1/2-1/2"]
[WhiteElo "2237"]
[BlackElo "1880"]
[PlyCount "47"]
[EventDate "2011.??.??"]
[WhiteTeam "SV Altensittenbach"]
[BlackTeam "FC Pleinfeld VfL"]

1. e4 e6 2. d4 d5 3. Nd2 c5 4. Ngf3 Nc6 5. Bb5 dxe4 6. Nxe4 Bd7 7. dxc5 Qa5+ 8.
Nc3 Bxc5 9. O-O Nf6 10. Qe2 O-O 11. Bd2 Qc7 12. Rad1 a6 13. Bd3 Rad8 14. a3 Nd4
15. Nxd4 Bxd4 16. Ne4 Bc6 17. Bb4 Nxe4 18. Bxf8 Nxf2 19. Bxh7+ Kxh7 20. Rxd4
Nh3+ 21. gxh3 Rxd4 22. Bb4 Rd5 23. Bd2 Kg8 24. c4 1/2-1/2

[Event "Mittelfr. EM 2011 - Hauptturnier"]
[Site "Büchenbach"]
[Date "2011.04.22"]
[Round "7.13"]
[White "Mättig, Stefan"]
[Black "Eiber, Manfred"]
[Result "1/2-1/2"]
[WhiteElo "2088"]
[BlackElo "2186"]
[PlyCount "42"]
[EventDate "2011.??.??"]
[WhiteTeam "SC Noris-Tarrasch Nürnberg 1873"]
[BlackTeam "SW Nürnberg Süd e.V."]

1. f4 e5 2. fxe5 Nc6 3. Nf3 d6 4. e4 Nxe5 5. Be2 Nxf3+ 6. Bxf3 Qh4+ 7. g3 Qh3
8. Nc3 Nf6 9. Nb5 Kd8 10. d4 h5 11. Qe2 Bg4 12. Bg5 c6 13. Nc3 Kc7 14. Rf1 Re8
15. O-O-O Be7 16. Qd2 Nh7 17. Bf4 Bxf3 18. Rxf3 Qg4 19. Rdf1 Ng5 20. Rd3 Nh3
21. Kb1 Nxf4 1/2-1/2

[Event "Mittelfr. EM 2011 - Hauptturnier"]
[Site "Büchenbach"]
[Date "2011.04.22"]
[Round "7.14"]
[White "Schanz, Karlheinz"]
[Black "Hauernherm, Wolfgang"]
[Result "0-1"]
[WhiteElo "1929"]
[BlackElo "2092"]
[PlyCount "72"]
[EventDate "2011.??.??"]
[WhiteTeam "SC Mühlhof-Reichelsdorf e.V."]
[BlackTeam "SV Lauf a.d.P."]

1. d4 Nf6 2. Nf3 g6 3. g3 Bg7 4. Bg2 O-O 5. O-O d6 6. Bg5 c5 7. d5 Qb6 8. Bc1
e6 9. c4 exd5 10. cxd5 Re8 11. Nc3 a6 12. Nd2 Qc7 13. a4 Nbd7 14. Nc4 Ne5 15.
Nxe5 Rxe5 16. Bf4 Re8 17. e4 Nd7 18. Qc2 Rb8 19. a5 Ne5 20. Ne2 b5 21. axb6
Qxb6 22. Rab1 Bd7 23. Rfd1 Bg4 24. h3 Bd7 25. Nc1 Rec8 26. Be3 Qb4 27. Bf1 Ba4
28. b3 c4 29. Na2 Qxb3 30. Rxb3 cxb3 31. Qxc8+ Rxc8 32. Nb4 b2 33. Rb1 Rb8 34.
Nxa6 Bc2 35. Nxb8 Bxb1 36. f4 Nf3+ 0-1

[Event "Mittelfr. EM 2011 - Hauptturnier"]
[Site "Büchenbach"]
[Date "2011.04.22"]
[Round "7.15"]
[White "Leis, Stefan"]
[Black "Bolten, Daniel"]
[Result "0-1"]
[WhiteElo "1922"]
[BlackElo "1889"]
[PlyCount "126"]
[EventDate "2011.??.??"]
[WhiteTeam "SC Mühlhof-Reichelsdorf e.V."]
[BlackTeam "SW Nürnberg Süd e.V."]

1. e4 e6 2. d4 d5 3. Nc3 Nf6 4. Bg5 Be7 5. e5 Nfd7 6. h4 c5 7. Nf3 Nc6 8. Nb5
O-O 9. Bd3 f6 10. exf6 Bxf6 11. Qd2 a6 12. Nd6 cxd4 13. Nxc8 Rxc8 14. Bxf6 Nxf6
15. Qe2 e5 16. Bf5 Qa5+ 17. Kf1 Rce8 18. Ng5 Nd8 19. Rh3 Re7 20. Rg3 e4 21. Rd1
Qxa2 22. Rxd4 Qa1+ 23. Rd1 Qxb2 24. Kg1 Qe5 25. Bg4 Nxg4 26. Rxg4 h6 27. Nh3
Nc6 28. g3 Nd4 29. Qe3 Nf3+ 30. Kg2 Rf6 31. Nf4 d4 32. Qb3+ Ref7 33. h5 Ng5 34.
Qc4 Qf5 35. Rh4 Nf3 36. Rhh1 Qg4 37. Kf1 Ne5 38. Qe2 Qxe2+ 39. Kxe2 d3+ 40.
cxd3 Nxd3 41. Nxd3 exd3+ 42. Kxd3 Rxf2 43. Rhg1 Rd7+ 44. Ke3 Rxd1 45. Rxd1 Rf6
46. Rd8+ Rf8 47. Rd7 b5 48. Rb7 Rf5 49. Rb8+ Kf7 50. Rb7+ Kf6 51. Ra7 Re5+ 52.
Kf4 Re6 53. Rb7 Rc6 54. g4 g6 55. Rh7 Rc5 56. Kf3 Kg5 57. hxg6 Kxg6 58. Rd7 Rc6
59. Rb7 Kg5 60. Rg7+ Rg6 61. Rd7 Rb6 62. Rd5+ Kg6 63. Ke4 b4 0-1

[Event "Mittelfr. EM 2011 - Hauptturnier"]
[Site "Büchenbach"]
[Date "2011.04.22"]
[Round "7.16"]
[White "Häßlein, Rainer"]
[Black "Werner, Thomas"]
[Result "0-1"]
[WhiteElo "1552"]
[BlackElo "2019"]
[PlyCount "76"]
[EventDate "2011.??.??"]
[WhiteTeam "SAbt Wolframs-Eschenbach"]
[BlackTeam "SW Nürnberg Süd e.V."]

1. e4 c6 2. e5 d5 3. d4 c5 4. c3 Nc6 5. f4 cxd4 6. cxd4 Qb6 7. Be3 Qxb2 8. Nd2
Bf5 9. Nb3 e6 10. Bb5 Bb4+ 11. Kf1 Nge7 12. Rc1 O-O 13. Bd3 Rfc8 14. Rc2 Bxd3+
15. Qxd3 Qa3 16. Kf2 Na5 17. Rxc8+ Rxc8 18. Nf3 Qxa2+ 19. Nbd2 Nf5 20. Re1 Nc4
21. Re2 Ncxe3 22. Qb5 Ng4+ 23. Kg1 Rc1+ 24. Nf1 Qa3 25. Qe8+ Bf8 26. Ng5 Rxf1+
27. Kxf1 Qc1+ 28. Re1 Qxf4+ 29. Nf3 Nxh2+ 30. Ke2 Nxf3 31. gxf3 Qe3+ 32. Kd1
Qxd4+ 33. Kc1 Qc3+ 34. Kb1 Qxe1+ 35. Kb2 Qb4+ 36. Kc1 a5 37. f4 a4 38. Qxf8+
Kxf8 0-1

[Event "Mittelfr. EM 2011 - Hauptturnier"]
[Site "Büchenbach"]
[Date "2011.04.22"]
[Round "7.17"]
[White "Schlötterer, Hermann"]
[Black "Keller, Werner"]
[Result "0-1"]
[WhiteElo "1971"]
[BlackElo "1693"]
[PlyCount "94"]
[EventDate "2011.??.??"]
[WhiteTeam "SC Noris-Tarrasch Nürnberg 1873"]
[BlackTeam "SW Nürnberg Süd e.V."]

1. d4 d6 2. e4 g6 3. h3 Bg7 4. Nc3 Nd7 5. g4 c5 6. Nge2 cxd4 7. Nxd4 a6 8. Bg2
h5 9. g5 Qb6 10. Be3 Nc5 11. Nd5 Qd8 12. Qd2 e6 13. Nc3 Ne7 14. Rd1 O-O 15. O-O
Qc7 16. b4 Nd7 17. Nde2 Ne5 18. Qxd6 Qxd6 19. Rxd6 Nc4 20. Rd3 Nb2 21. Rd2 Nc4
22. Rdd1 Nxe3 23. fxe3 Nc6 24. a3 Ne5 25. Na4 Nc4 26. Rd3 b6 27. Nd4 Bb7 28.
Rc3 Nxe3 29. Rxe3 Bxd4 30. Kf2 Bc6 31. Nc3 Rac8 32. Ne2 Bxe3+ 33. Kxe3 Bb5 34.
Rc1 Bxe2 35. Kxe2 Rc3 36. Bf1 Rxa3 37. c3 a5 38. b5 Ra2+ 39. Kd3 Rd8+ 40. Kc4
Rad2 41. Kb3 Rd1 42. Kb2 Rxc1 43. Kxc1 Kg7 44. Kc2 f5 45. gxf6+ Kxf6 46. h4 Ke5
47. Bd3 Rf8 0-1

[Event "Mittelfr. EM 2011 - Hauptturnier"]
[Site "Büchenbach"]
[Date "2011.04.22"]
[Round "8.1"]
[White "Stiller, Jürgen"]
[Black "Hirn, Oskar"]
[Result "1/2-1/2"]
[WhiteElo "2204"]
[BlackElo "2243"]
[PlyCount "83"]
[EventDate "2011.??.??"]
[WhiteTeam "SW Nürnberg Süd e.V."]
[BlackTeam "SC Noris-Tarrasch Nürnberg 1873"]

1. d4 Nf6 2. Bg5 d5 3. e3 Nbd7 4. c3 h6 5. Bh4 g5 6. Bg3 Ne4 7. Nd2 Nxg3 8.
hxg3 Bg7 9. f4 Nf6 10. Bd3 Qd6 11. Ngf3 Ng4 12. Qe2 Bd7 13. Ne5 Nxe5 14. fxe5
Qb6 15. Nb3 O-O-O 16. g4 f6 17. exf6 Bxf6 18. Nc5 Kb8 19. a4 Qd6 20. Kd2 e5 21.
Nxd7+ Rxd7 22. Bf5 Re7 23. Qf3 Bg7 24. Rhe1 Rhe8 25. Qf2 c5 26. dxc5 Qxc5 27.
Kc2 d4 28. Ra3 Rd8 29. Qe2 e4 30. exd4 Rxd4 31. Qb5 Qc7 32. Kb1 Rc4 33. Qd5 Re8
34. Rxe4 Rcxe4 35. Bxe4 Rd8 36. Qb5 a6 37. Qf5 Rd1+ 38. Ka2 Qc4+ 39. Rb3 Qxa4+
40. Ra3 Qc4+ 41. Rb3 Qa4+ 42. Ra3 1/2-1/2

[Event "Mittelfr. EM 2011 - Hauptturnier"]
[Site "Büchenbach"]
[Date "2011.04.22"]
[Round "8.2"]
[White "Meulner, Klaus"]
[Black "Heimrath, Reiner"]
[Result "1/2-1/2"]
[WhiteElo "2119"]
[BlackElo "2259"]
[PlyCount "108"]
[EventDate "2011.??.??"]
[WhiteTeam "SW Nürnberg Süd e.V."]
[BlackTeam "SC Noris-Tarrasch Nürnberg 1873"]

1. d4 g6 2. e4 Bg7 3. Nc3 d6 4. Nf3 a6 5. a4 b6 6. Be3 Bb7 7. h3 h6 8. d5 c5 9.
Bc4 Nd7 10. O-O Qc7 11. Be2 Ngf6 12. Nd2 O-O 13. f4 e6 14. dxe6 fxe6 15. f5
gxf5 16. exf5 e5 17. Qe1 d5 18. Qh4 Rf7 19. Rf3 d4 20. Rg3 dxc3 21. bxc3 Kh8
22. Rd1 Nd5 23. Bxh6 Bxh6 24. Rg6 Rh7 25. Rxh6 Nf8 26. Bf3 Qd8 27. Rxh7+ Nxh7
28. Qxd8+ Rxd8 29. Nc4 e4 30. Bxe4 Nhf6 31. Bf3 Rb8 32. Rd3 Nf4 33. Rd6 Bxf3
34. Rxf6 Bxg2 35. Kf2 b5 36. Ne3 Be4 37. Rxa6 b4 38. Rh6+ Kg7 39. Rh4 Bxc2 40.
Nxc2 Nd3+ 41. Ke3 Nb2 42. cxb4 Nxa4 43. bxc5 Nxc5 44. Nd4 Re8+ 45. Kf3 Re1 46.
Ne2 Rf1+ 47. Kg4 Nd3 48. Rh5 Ne5+ 49. Kg3 Rf3+ 50. Kg2 Ra3 51. Nd4 Rd3 52. Rh4
Kf6 53. Re4 Rd2+ 54. Kg1 Rxd4 1/2-1/2

[Event "Mittelfr. EM 2011 - Hauptturnier"]
[Site "Büchenbach"]
[Date "2011.04.22"]
[Round "8.3"]
[White "Wagner, Florian"]
[Black "Miller, Eduard"]
[Result "1-0"]
[WhiteElo "2258"]
[BlackElo "2098"]
[PlyCount "83"]
[EventDate "2011.??.??"]
[WhiteTeam "SC Noris-Tarrasch Nürnberg 1873"]
[BlackTeam "SC Forchheim e.V."]

1. e4 c5 2. Nf3 Nc6 3. c4 g6 4. d4 cxd4 5. Nxd4 Bg7 6. Nc2 d6 7. Be2 Bd7 8. O-O
Rc8 9. Kh1 Qb6 10. Nba3 Nf6 11. f3 O-O 12. Rb1 a6 13. b4 Ne5 14. Be3 Qd8 15.
Nd4 h5 16. Qd2 Nc6 17. Nb3 Be6 18. Rfc1 Nd7 19. h3 a5 20. b5 Nb4 21. Rd1 f5 22.
Nd4 Nc5 23. Nxe6 Nxe6 24. exf5 Rxf5 25. g4 hxg4 26. hxg4 Re5 27. f4 Rxe3 28.
Qxe3 Nc5 29. Rd2 e5 30. fxe5 Bxe5 31. Kg2 Qf6 32. Rf1 Qg7 33. Nb1 g5 34. a3 Bf4
35. Rxf4 gxf4 36. Qf3 Nbd3 37. Bxd3 Nxd3 38. Rxd3 Rxc4 39. Qd5+ Qf7 40. Qxf7+
Kxf7 41. Nd2 Rc2 42. Kf3 1-0

[Event "Mittelfr. EM 2011 - Hauptturnier"]
[Site "Büchenbach"]
[Date "2011.04.22"]
[Round "8.4"]
[White "Hofer, Markus"]
[Black "Röder, Frank"]
[Result "0-1"]
[WhiteElo "2042"]
[BlackElo "2189"]
[PlyCount "104"]
[EventDate "2011.??.??"]
[WhiteTeam "SG Büchenbach/Roth e.V."]
[BlackTeam "SV Altensittenbach"]

1. d4 d5 2. c4 c6 3. Nf3 Nf6 4. e3 Bf5 5. Nbd2 e6 6. Be2 Nbd7 7. O-O Bd6 8. b3
Ne4 9. Nxe4 dxe4 10. Nd2 Qh4 11. f4 Nf6 12. Qe1 Qxe1 13. Rxe1 h5 14. Bb2 a5 15.
a3 b6 16. c5 bxc5 17. Nc4 Be7 18. dxc5 Bxc5 19. Bxf6 gxf6 20. Kf2 Ke7 21. Nxa5
Rxa5 22. b4 Bxe3+ 23. Kxe3 Ra4 24. Bd1 Ra7 25. Bc2 Rha8 26. a4 Rb8 27. Rab1 Bg6
28. Rec1 f5 29. Bd1 Kd6 30. Rc4 f6 31. Bc2 Be8 32. Rd1+ Ke7 33. Kd4 Bd7 34. g3
Rab7 35. Kc5 Rc7 36. Rcd4 e5 37. fxe5 fxe5 38. Rd6 Be6 39. Bb1 Bb3 40. Rf1 Bxa4
41. Rh6 Rb5+ 42. Kc4 Rcb7 43. Rh7+ Kf6 44. Rxh5 Rxb4+ 45. Kc5 R4b5+ 46. Kc4
Rxb1 47. Rfxf5+ Ke6 48. Rxe5+ Kd6 49. Ra5 R7b4+ 50. Kc3 R1b3+ 51. Kc2 Rd3+ 52.
Kc1 Rd1# 0-1

[Event "Mittelfr. EM 2011 - Hauptturnier"]
[Site "Büchenbach"]
[Date "2011.04.22"]
[Round "8.5"]
[White "Walter, Thomas"]
[Black "Seibold, Hubert"]
[Result "0-1"]
[WhiteElo "2158"]
[BlackElo "2186"]
[PlyCount "94"]
[EventDate "2011.??.??"]
[WhiteTeam "SC Erlangen 48/88 e.V."]
[BlackTeam "SK Zirndorf e.V."]

1. e4 c5 2. Nf3 e6 3. b3 Nc6 4. Bb2 d6 5. d4 cxd4 6. Nxd4 Nf6 7. Nxc6 bxc6 8.
e5 dxe5 9. Qxd8+ Kxd8 10. Bxe5 Bc5 11. Nc3 Bxf2+ 12. Ke2 Bc5 13. Rd1+ Ke7 14.
Na4 Ba3 15. Kf3 Rd8 16. Rxd8 Kxd8 17. Bc4 Ke7 18. Rd1 Ne8 19. Bc3 Bd6 20. b4 f6
21. Nc5 Rb8 22. a3 e5 23. g4 Bxc5 24. bxc5 Be6 25. Ba6 Nc7 26. Bd3 g6 27. Ba5
Rb7 28. Be4 Nd5 29. c4 Rb3+ 30. Kf2 Nc3 31. Bxc3 Rxc3 32. Bxc6 Rxc4 33. Rb1
Rxc5 34. Rb7+ Kd6 35. Be8 Rc7 36. Rb4 Rc8 37. Ba4 Rc4 38. Rxc4 Bxc4 39. Bc2 Be6
40. h3 f5 41. g5 e4 42. h4 Ke5 43. Ke3 f4+ 44. Kf2 Bg4 45. Bb3 Kd4 46. Bg8 e3+
47. Kf1 f3 0-1

[Event "Mittelfr. EM 2011 - Hauptturnier"]
[Site "Büchenbach"]
[Date "2011.04.22"]
[Round "8.6"]
[White "Rausch, Wolfgang jr"]
[Black "Erlbeck, Peter"]
[Result "1-0"]
[WhiteElo "2182"]
[BlackElo "2105"]
[PlyCount "83"]
[EventDate "2011.??.??"]
[WhiteTeam "SC Noris-Tarrasch Nürnberg 1873"]
[BlackTeam "SW Nürnberg Süd e.V."]

1. d4 f5 2. Nc3 Nf6 3. Bg5 d5 4. Bxf6 exf6 5. e3 Be6 6. Bd3 Nc6 7. Nge2 Qd7 8.
a3 O-O-O 9. Nf4 Bf7 10. Qf3 Ne7 11. g3 g5 12. Nfe2 h5 13. h4 Kb8 14. Nc1 Be6
15. Nb3 Nc6 16. hxg5 fxg5 17. Rxh5 Rg8 18. Kd2 f4 19. Rh7 fxe3+ 20. fxe3 Rg7
21. Rah1 Bg8 22. Rxg7 Qxg7 23. g4 Bd6 24. Rf1 Rf8 25. Qh1 Rxf1 26. Qxf1 a6 27.
Qf3 Ne7 28. Nc1 c6 29. N1e2 Qh6 30. e4 dxe4 31. Nxe4 Bd5 32. Qf6 Qxf6 33. Nxf6
Bf3 34. Nc3 Bf4+ 35. Ke1 Bg3+ 36. Kf1 Kc7 37. Be4 Bxe4 38. Nfxe4 Bf4 39. Ne2
Be3 40. Kg2 c5 41. Nxc5 Kc6 42. Kf3 1-0

[Event "Mittelfr. EM 2011 - Hauptturnier"]
[Site "Büchenbach"]
[Date "2011.04.22"]
[Round "8.8"]
[White "Hauernherm, Wolfgang"]
[Black "Rosin, Ralf"]
[Result "1/2-1/2"]
[WhiteElo "2092"]
[BlackElo "2049"]
[PlyCount "28"]
[EventDate "2011.??.??"]
[WhiteTeam "SV Lauf a.d.P."]
[BlackTeam "FSV Großenseebach"]

1. d4 d5 2. Nf3 Nf6 3. e3 e6 4. Bd3 c5 5. c3 Nc6 6. Nbd2 Bd6 7. O-O O-O 8. dxc5
Bxc5 9. e4 Qc7 10. Qe2 Ng4 11. h3 Nge5 12. Nxe5 Nxe5 13. exd5 exd5 14. Nb3 Nxd3
1/2-1/2

[Event "Mittelfr. EM 2011 - Hauptturnier"]
[Site "Büchenbach"]
[Date "2011.04.22"]
[Round "8.9"]
[White "Leopold, Christian"]
[Black "Pokorny, Klaus"]
[Result "1-0"]
[WhiteElo "2057"]
[BlackElo "1961"]
[PlyCount "45"]
[EventDate "2011.??.??"]
[WhiteTeam "SV Lauf a.d.P."]
[BlackTeam "TSV Kirchehrenbach"]

1. e4 e6 2. d3 c5 3. Nc3 Nc6 4. g3 d6 5. Bg2 Nf6 6. f4 Be7 7. Nf3 O-O 8. O-O a6
9. h3 Qc7 10. Ne2 e5 11. g4 b5 12. Ng3 Nd4 13. g5 Nxf3+ 14. Qxf3 Ne8 15. f5 Bb7
16. Be3 Rd8 17. c4 Rb8 18. b3 Ba8 19. Qh5 bxc4 20. dxc4 a5 21. f6 Bxf6 22. gxf6
Nxf6 23. Rxf6 1-0

[Event "Mittelfr. EM 2011 - Hauptturnier"]
[Site "Büchenbach"]
[Date "2011.04.22"]
[Round "8.10"]
[White "Bolten, Daniel"]
[Black "Strobel, Norbert"]
[Result "1-0"]
[WhiteElo "1889"]
[BlackElo "2008"]
[PlyCount "55"]
[EventDate "2011.??.??"]
[WhiteTeam "SW Nürnberg Süd e.V."]
[BlackTeam "SK Zirndorf e.V."]

1. d4 d5 2. Nf3 c6 3. c4 Bf5 4. Nc3 e6 5. e3 Nd7 6. Bd3 Bxd3 7. Qxd3 Ngf6 8.
O-O a6 9. e4 dxe4 10. Nxe4 Nxe4 11. Qxe4 Nf6 12. Qc2 Be7 13. Bf4 O-O 14. Rad1
Qa5 15. b3 Rad8 16. Rfe1 Qh5 17. h3 Qg6 18. Qe2 Nd7 19. Bc7 Rc8 20. Ba5 Qh5 21.
Bc3 a5 22. d5 cxd5 23. cxd5 Rxc3 24. dxe6 Nc5 25. exf7+ Qxf7 26. Qxe7 Nd3 27.
Qxf7+ Kxf7 28. Rxd3 1-0

[Event "Mittelfr. EM 2011 - Hauptturnier"]
[Site "Büchenbach"]
[Date "2011.04.22"]
[Round "8.11"]
[White "Röder, Gerd"]
[Black "Fischer, Gerd"]
[Result "1-0"]
[WhiteElo "2237"]
[BlackElo "2078"]
[PlyCount "145"]
[EventDate "2011.??.??"]
[WhiteTeam "SV Altensittenbach"]
[BlackTeam "FC Gunzenhausen 1910 e.V"]

1. e4 Nc6 2. Nc3 e5 3. Bc4 Nf6 4. d3 d6 5. f4 Bg4 6. Nf3 Nd4 7. O-O Nxf3+ 8.
gxf3 Bh3 9. Re1 Nh5 10. fxe5 dxe5 11. Be3 Nf4 12. Bxf4 Bc5+ 13. Kh1 exf4 14.
Nd5 Qg5 15. Qd2 Be3 16. Nxe3 fxe3 17. Qe2 O-O-O 18. Rg1 Qh6 19. Rae1 Be6 20.
Bxe6+ fxe6 21. Qxe3 Qxe3 22. Rxe3 g6 23. Rg5 b6 24. Kg2 Rdf8 25. h4 Rf7 26. h5
gxh5 27. Rxh5 c5 28. Rh4 e5 29. Rg4 Kd7 30. Re1 Re8 31. Rh1 Ree7 32. Rh5 Kd6
33. b3 Kd7 34. Rgg5 Kd6 35. Rf5 Rg7+ 36. Rhg5 Rxg5+ 37. Rxg5 Ke6 38. Rh5 Rf7
39. Rh6+ Kd7 40. Kg3 Rg7+ 41. Kf2 Rf7 42. Rh5 Ke6 43. Rg5 Kd6 44. Kg3 Ke6 45.
Rg4 Kd6 46. f4 exf4+ 47. Rxf4 Rg7+ 48. Kf3 Ke6 49. Rg4 Rf7+ 50. Ke3 Ke7 51. c3
h5 52. Rh4 Rh7 53. d4 Kf6 54. Kf4 Kg6 55. e5 Rf7+ 56. Ke4 Kg5 57. Rh1 Rf4+ 58.
Ke3 h4 59. Rg1+ Kf5 60. Rg7 Re4+ 61. Kd3 Re1 62. Rh7 Kg4 63. Kc4 cxd4 64. cxd4
Kg3 65. Kd5 h3 66. e6 h2 67. Kd6 h1=Q 68. Rxh1 Rxh1 69. e7 Re1 70. Kd7 Kf4 71.
d5 Kf5 72. d6 Kf6 73. e8=Q 1-0